00642nam a2200205Ia 4500003000900000008004100009040001600050080001600066100002600082245008300108260003000191300001000221650004100231650001600272650002100288650001600309942000700325999001300332952009100345IN-BaIIA211028s9999 xx 000 0 eng d cIIA Library a551.58bBRO aBrooks, C. E. P.9435 0aClimateba handbook for business men, students and travellerscC. E. P. Brooks aLondonbErnest Bennc1929 a199p. aAstronomy and Astrophysics Thesaurus aClimatology aEarth Atmosphere aMeteorology cBK c221d221 00104070aBANbKODcGENd0000-00-00l0o551.58/ BROp193r2021-11-05w0000-00-00yBK